Memoire storiche sopra l'uso della Cioccolata in tempo di Digiuno, esposte in una lettera

Detalles Bibliográficos
Formato: Libro
Lenguaje:Undetermined
Italian
Publicado: in Venezia : appresso Simone Occhi, 1748.
Materias:
Colección:Banco de datos
Acervo:Biblioteca Palafoxiana. Colección bibliográfica
Descripción Física:[4], 196 p. ; 4°
Tema general:Historia eclesiástica
Notas:Marca de fuego: Colegio de San Juan. Número de localización: 11877
LEADER 00574nam a2200157Ia 4500
008 150723s9999 xx 000 0 und d
041 0 |a ita 
050 0 |a PAFX BR143 M4 
245 1 0 |a Memoire storiche sopra l'uso della Cioccolata in tempo di Digiuno, esposte in una lettera 
260 |a in Venezia : appresso Simone Occhi, 1748. 
300 |a [4], 196 p. ; 4° 
500 |a Marca de fuego: Colegio de San Juan. Número de localización: 11877 
650 1 0 |a Historia eclesiástica 
942 |c PALALIB 
943 |g Biblioteca Palafoxiana. Colección bibliográfica 
999 |c 1052420  |d 1052420